000 00752nam a22002177a 4500
001 46478
003 UA-OsUOA
005 20211014214124.0
007 ta
008 20070619b un ||||| |||| 00| 0 ukr d
040 _aUA-OsUOA
_brus
_cUA-OsUOA
_dUA-OsUOA
041 _arus
080 _a82.09 (470+571)
090 _a82.09 (470+571)
_bР 68
245 _aРоль и значение литературы XVIII века в истории русской литературы
_bк 70-летию со дня рождения П. Н. Беркова
260 _aМ.
_bНаука
_c1966
300 _a455 с.
650 7 _a82.09 Літературна критика. Літературні дослідження
_2UDC
942 _cBK
_2udc
955 _a1
999 _c332576
_d332576